<?xml version="1.0" encoding="UTF-8"?>
<record
    xmlns:xsi="http://www.w3.org/2001/XMLSchema-instance"
    xsi:schemaLocation="http://www.loc.gov/MARC21/slim http://www.loc.gov/standards/marcxml/schema/MARC21slim.xsd"
    xmlns="http://www.loc.gov/MARC21/slim">

  <leader>02798nam a2200409   4500</leader>
  <datafield tag="999" ind1=" " ind2=" ">
    <subfield code="c">6557</subfield>
    <subfield code="d">6557</subfield>
  </datafield>
  <controlfield tag="003">OSt</controlfield>
  <controlfield tag="005">20260421123907.0</controlfield>
  <controlfield tag="008">190228c        xxuf||p| |||| 00| 0 spa d</controlfield>
  <datafield tag="020" ind1=" " ind2=" ">
    <subfield code="a">9789873047527</subfield>
  </datafield>
  <datafield tag="040" ind1=" " ind2=" ">
    <subfield code="c">PJ</subfield>
  </datafield>
  <datafield tag="245" ind1="1" ind2="0">
    <subfield code="a">Revista de derecho procesal :</subfield>
    <subfield code="b">Constituci&#xF3;n y proceso. Balance de los 30 a&#xF1;os de la reforma - I /</subfield>
    <subfield code="c">editor Roland Arazi...[et al.]</subfield>
  </datafield>
  <datafield tag="260" ind1=" " ind2=" ">
    <subfield code="a">Santa Fe:</subfield>
    <subfield code="b">Rubinzal-Culzoni,</subfield>
    <subfield code="c">2024.</subfield>
  </datafield>
  <datafield tag="300" ind1=" " ind2=" ">
    <subfield code="a">579 p.</subfield>
    <subfield code="c">23 cm.</subfield>
  </datafield>
  <datafield tag="310" ind1=" " ind2=" ">
    <subfield code="a">semestral</subfield>
  </datafield>
  <datafield tag="362" ind1=" " ind2=" ">
    <subfield code="a">No. 1 (2023)</subfield>
  </datafield>
  <datafield tag="505" ind1=" " ind2=" ">
    <subfield code="t">C&#xE1;sicos y modernos del derecho procesal constitucional - tres decenios despu&#xE9;s de la reforma constitucional /</subfield>
    <subfield code="r"> Estela B. Sacrist&#xE1;n.</subfield>
  </datafield>
  <datafield tag="505" ind1=" " ind2=" ">
    <subfield code="t">El desembarco del estado constitucional de derecho con la reforma de 1994 /</subfield>
    <subfield code="r">Roberto O. Berizonce.</subfield>
  </datafield>
  <datafield tag="505" ind1=" " ind2=" ">
    <subfield code="t">La construcci&#xF3;n de una sentencia constitucional en el control de constitucionalidad argentino /</subfield>
    <subfield code="r">Osvaldo A. Goza&#xED;ni.</subfield>
  </datafield>
  <datafield tag="505" ind1=" " ind2=" ">
    <subfield code="t">Impacto de la reforma de 1994 de la constituci&#xF3;n argentina y los tratados sobre derechos humanos - control de convencionalidad /</subfield>
    <subfield code="r">Juan Carlos Hitters.</subfield>
  </datafield>
  <datafield tag="505" ind1=" " ind2=" ">
    <subfield code="t">La protecci&#xF3;n judicial en la jurisprudencia interamericana /</subfield>
    <subfield code="r">Mar&#xED;a Sof&#xED;a Sag&#xFC;&#xE9;s</subfield>
  </datafield>
  <datafield tag="505" ind1=" " ind2=" ">
    <subfield code="t">Constituci&#xF3;n y divisi&#xF3;n de poderes. la evoluci&#xF3;n de los atributos del juez ante la violaci&#xF3;n de los derechos humanos. las llamadas sentencias estructurales /</subfield>
    <subfield code="r"> Claudia E. Zalazar.</subfield>
  </datafield>
  <datafield tag="505" ind1=" " ind2=" ">
    <subfield code="t">El consejo de la magistratura de la naci&#xF3;n - a treinta a&#xF1;os, muy mal llevados, de la reforma constitucional de 1994 /</subfield>
    <subfield code="r">Mauro Benente.</subfield>
  </datafield>
  <datafield tag="505" ind1=" " ind2=" ">
    <subfield code="t">El caso judicial /</subfield>
    <subfield code="r">&#xC1;ngela Rosal&#xED;a Mora y V&#xED;ctor Rodolfo Trionfetti.</subfield>
  </datafield>
  <datafield tag="505" ind1=" " ind2=" ">
    <subfield code="t">Jueces superiores y jueces inferiores /</subfield>
    <subfield code="r">Enrique M. Falc&#xF3;n.</subfield>
  </datafield>
  <datafield tag="505" ind1=" " ind2=" ">
    <subfield code="t">A prop&#xF3;sito de las resoluciones jurisdiccionales de equidad /</subfield>
    <subfield code="r">Jorge W .Peyrano.</subfield>
  </datafield>
  <datafield tag="505" ind1=" " ind2=" ">
    <subfield code="t">Antecedentes hist&#xF3;ricos de la acci&#xF3;n de amparo - a 30 a&#xF1;os de su constitucionalizaci&#xF3;n /</subfield>
    <subfield code="r">Pablo Luis Manili.</subfield>
  </datafield>
  <datafield tag="505" ind1=" " ind2=" ">
    <subfield code="t"> El amparo individual en argentina: proyecciones a treinta a&#xF1;os de la sanci&#xF3;n del art&#xED;culo 43 de la constituci&#xF3;n nacional /</subfield>
    <subfield code="r">Alejandro C. Verdaguer.</subfield>
  </datafield>
  <datafield tag="505" ind1=" " ind2=" ">
    <subfield code="t">&#xC1;mbito de aplicaci&#xF3;n de la acci&#xF3;n de h&#xE1;beas data /</subfield>
    <subfield code="r"> Mario Masciotra.</subfield>
  </datafield>
  <datafield tag="505" ind1=" " ind2=" ">
    <subfield code="t">A 30 a&#xF1;os de la constitucionalizaci&#xF3;n del &#x201C;habeas data&#x201D; como acci&#xF3;n de inconstitucionalidad en materia tributaria - a ra&#xED;z de la ilegalidad de los sistemas de recaudaci&#xF3;n impositiva mediante percepciones /</subfield>
    <subfield code="r"> Jos&#xE9; Ignacio Bellorini.</subfield>
  </datafield>
  <datafield tag="505" ind1=" " ind2=" ">
    <subfield code="t">La reforma constitucional y las emergencias /</subfield>
    <subfield code="r">Jorge A. Rojas.</subfield>
  </datafield>
  <datafield tag="650" ind1=" " ind2="0">
    <subfield code="9">267</subfield>
    <subfield code="a">DERECHO PROCESAL</subfield>
  </datafield>
  <datafield tag="700" ind1=" " ind2=" ">
    <subfield code="9">1980</subfield>
    <subfield code="a">Arazi, Roland</subfield>
    <subfield code="e">director</subfield>
  </datafield>
  <datafield tag="700" ind1=" " ind2=" ">
    <subfield code="9">119</subfield>
    <subfield code="a">Berizonce, Roberto Omar</subfield>
    <subfield code="e">director</subfield>
  </datafield>
  <datafield tag="700" ind1=" " ind2=" ">
    <subfield code="a">Falc&#xF3;n, Enrique Manuel</subfield>
    <subfield code="e">director</subfield>
    <subfield code="9">270</subfield>
  </datafield>
  <datafield tag="700" ind1=" " ind2=" ">
    <subfield code="9">2135</subfield>
    <subfield code="a">Peyrano, Jorge Walter</subfield>
    <subfield code="e">director</subfield>
  </datafield>
  <datafield tag="942" ind1=" " ind2=" ">
    <subfield code="2">udc</subfield>
    <subfield code="c">PP</subfield>
    <subfield code="h">347.9(05)</subfield>
    <subfield code="i">REV</subfield>
  </datafield>
  <datafield tag="952" ind1=" " ind2=" ">
    <subfield code="0">0</subfield>
    <subfield code="1">0</subfield>
    <subfield code="2">udc</subfield>
    <subfield code="4">0</subfield>
    <subfield code="7">0</subfield>
    <subfield code="a">DJS</subfield>
    <subfield code="b">DJS</subfield>
    <subfield code="d">2026-02-24</subfield>
    <subfield code="p">6733</subfield>
    <subfield code="r">2026-02-24</subfield>
    <subfield code="w">2026-02-24</subfield>
    <subfield code="y">PP</subfield>
  </datafield>
</record>
